Sổ tay hành hương : Đất phương nam
Tallennettuna:
| Päätekijä: | |
|---|---|
| Aineistotyyppi: | Kirja |
| Kieli: | Undetermined |
| Julkaistu: |
Tp. HCM
Tp. HCM
2002
|
| Tagit: |
Lisää tagi
Ei tageja, Lisää ensimmäinen tagi!
|
| Thư viện lưu trữ: | Trung tâm Học liệu Trường Đại học Cần Thơ |
|---|
| LEADER | 00468nam a2200169Ia 4500 | ||
|---|---|---|---|
| 001 | CTU_53559 | ||
| 008 | 210402s9999 xx 000 0 und d | ||
| 020 | |b 65000 | ||
| 082 | |a 915.97 | ||
| 082 | |b Tr106 | ||
| 100 | |a Huỳnh Ngọc Trảng | ||
| 245 | 0 | |a Sổ tay hành hương : Đất phương nam | |
| 245 | 0 | |c Huỳnh Ngọc Trảng | |
| 260 | |a Tp. HCM | ||
| 260 | |b Tp. HCM | ||
| 260 | |c 2002 | ||
| 980 | |a Trung tâm Học liệu Trường Đại học Cần Thơ | ||